| 000 | 00861nac a22002655a 4500 | ||
|---|---|---|---|
| 005 | 20171129115232.0 | ||
| 008 | 081216t2012 nyua frd 001 0 eng d | ||
| 020 | _a0072713950X | ||
| 020 | _a9780077139506 | ||
| 040 |
_aEG-ScBUE _beng _cEG-ScBUE _dEG-ScBUE |
||
| 082 | 0 | 4 |
_a657 _bFUN _222 |
| 245 | 0 | 0 |
_aFundamental accounting principles / _cJohn J. Wild ... [et al.] |
| 250 | _a20th ed., Middle east ed. | ||
| 260 |
_aNew York : _bMcGraw-Hill Higher Education, _cc.2012. |
||
| 300 |
_a1 v. (various pagings) : _bill. (col.) ; _c28 cm. |
||
| 500 | _aIncludes index. | ||
| 500 | _aIncludes glossary. | ||
| 500 | _aIncludes appendix. | ||
| 650 | 7 |
_aAccounting. _99036 _2BUEsh |
|
| 651 | _2BUEsh | ||
| 653 |
_cAugust2015 _bBUSADM |
||
| 653 |
_cSeptember2017 _cNovember2017 _bGGEN |
||
| 700 | 1 |
_aWild, John J., _94506 |
|
| 942 |
_cBB _k657 FUN _2ddc |
||
| 999 |
_c17567 _d17539 |
||